000 01378nam a22002177a 4500
003 NALT
005 20251125232925.0
008 2550 th o tha d
040 _aNALT
086 _aสภ 04 5.1 352.42 2521-34
110 2 _aสำนักงานเลขาธิการรัฐสภา.
_bกองกรรมาธิการ
_949711
245 1 0 _aข้อสังเกตของคณะกรรมาธิการพิจารณาร่างพระราชบัญญัติงบประมาณรายจ่ายประจำปี ตั้งแต่ปีงบประมาณ 2521 ถึง 2534 /
_cกองกรรมาธิการ สำนักงานเลขาธิการรัฐสภา.
260 _aกรุงเทพฯ :
_bกองกรรมาธิการ สำนักงานเลขาธิการรัฐสภา,
_cม.ป.ป.
300 _a77 หน้า ;
_c30 ซม.
650 4 _aงบประมาณ
_949760
_zไทย
_y2521-2534
650 4 _aร่างพระราชบัญญัติงบประมาณรายจ่าย
_949761
_y2521-2534
850 _aNALT
856 4 0 _uhttps://hdl.handle.net/20.500.14156/463082
942 _cGOV
_2local
998 _cDAO
_j1020
_k จำเรียง ระวังสำโรง
999 _c35252
_d35252